| 000 | 01002cam a2200253 a 4500 | ||
|---|---|---|---|
| 001 | 000002858 | ||
| 005 | 20200929150255.0 | ||
| 008 | 971215s1997 mx a b 001 0 spa d | ||
| 020 | _a9686384200 | ||
| 040 |
_aDO-SdBNP _cGZM _dDLC |
||
| 082 |
_a972.86 _bM722c |
||
| 100 | 1 |
_aMolina Jiménez, Iván. _99065 |
|
| 245 | 1 | 3 |
_aLa sonora libertad del viento : _bsociedad y cultura en Costa Rica y Nicaragua (1821-1914) / _cIván Molina Jiménez, Patricia Fumero Vargas. |
| 260 |
_aMéxico : _bInstituto Panamericano de Geografía e Historia, _c1997. |
||
| 300 |
_a171 p. : _bil. ; _c23 cm. |
||
| 504 | _aIncluye referencias bibliográficas | ||
| 651 | 4 |
_aCosta Rica _xVida Intelectual _ySIGLO XIX _99066 |
|
| 651 | 4 |
_aNicaragua _xVida Intelectual _ySIGLO XIX _99067 |
|
| 651 | 4 |
_aNicaragua _xHistorya _99068 |
|
| 651 | 4 |
_aCosta Rica _xHistoria _99069 |
|
| 650 | 4 |
_aNavidades _zCosta Rica _zSan José _xHistoria _ySIGLO XIX _99070 |
|
| 700 | 1 |
_aFumero Vargas, Patricia. _99071 |
|
| 910 | _aCatalogación por copia / LC | ||
| 999 |
_c2692 _d2692 |
||